Dispossessed stories from india's margins / (Record no. 151764)

MARC details
000 -LEADER
fixed length control field 00579nam a22001817a 4500
005 - DATE AND TIME OF LATEST TRANSACTION
control field 20180426111042.0
010 ## - LCCN (DPL NO)
LC control number ENG-122672
020 ## - INTERNATIONAL STANDARD BOOK NUMBER
International Standard Book Number 9789386582539
Terms of availability 350.00
035 ## - SYSTEM CONTROL NUMBER
System control number EN-106204
037 ## - SOURCE OF ACQUISITION
Source of stock number/acquisition DBAD/PUB
082 ## - DEWEY DECIMAL CLASSIFICATION NUMBER
Classification number 305.560954
100 ## - MAIN ENTRY--PERSONAL NAME
Personal name Parulkar, Ashwin
245 ## - TITLE STATEMENT
Title Dispossessed stories from india's margins /
Statement of responsibility, etc by Ashwin Parulkar...[et...all]
260 ## - PUBLICATION, DISTRIBUTION, ETC. (IMPRINT)
Place of publication, distribution, etc New Delhi
Name of publisher, distributor, etc Speaking Tiger Publications
Date of publication, distribution, etc 2017
270 ## - ADDRESS
Address 4381/4, Ansari Road, Daryaganj,
City New Delhi
Postal code 110002
300 ## - PHYSICAL DESCRIPTION
Extent 242p.
Dimensions 21cm(pbk)
942 ## - ADDED ENTRY ELEMENTS (KOHA)
Source of classification or shelving scheme Dewey Decimal Classification
Item type English Books
Call number suffix PAR
Classification part 305.560954
Holdings
Withdrawn status Lost status Not for loan Collection code Home library Current library Date acquired Source of acquisition Cost, normal purchase price Full call number Barcode Copy number Cost, replacement price Koha item type
    Not For Loan Non-fiction D.B.Act.Division Sarojini Nagar 26/04/2018 DBAD/PUB 350.00 305.560954 PAR EN-106204 1 350.00 English Books

© Delhi Public Library
Hit Counter
free hit counter